Biggest Iconic Car Movies - Statistics

General Stats
  • This quiz has been taken 23 times
  • The average score is 3 of 10
Answer Stats
# Movie Iconic Car Year Released % Correct
2 Skyfall 1965 Aston Martin DB5 2012
91%
7 Casino Royale Aston Martin DB5 V12 2006
61%
9 Quantum of Solace Aston Martin DB5 V12 2008
43%
3 The Dark Knight The Tumbler 2008
39%
1 Furious 7 Various 2015
30%
5 Fast Five Various 2011
22%
4 Fast & Furious 6 Various 2013
22%
10 Cars 2 Various 2011
9%
8 Men in Black Ford LTD Crown Victoria 1997
9%
6 MIB 3 Ford Taurus SHO, 1964 Ford Galaxie 2014
4%
No matching quizzes found
Score Distribution
Percent of People with Each Score
Percentile by Number Answered
Your Score History
You have not taken this quiz